| 000 -ლიდერი |
| ფიქსირებული სიგრძის საკონტროლო ველი |
00805nam a22001937a 4500 |
| 003 - საკონტროლო ნომრის იდენტიფიკატორი |
| საკონტროლო ველი |
Ge_BSU |
| 005 - ბოლო ოპერაციის თარიღი და დრო |
| საკონტროლო ველი |
20221010154439.0 |
| 008 - ფიქსირებული სიგრძის მონაცემთა ელემენტები - ზოგადი ინფორმაცია |
| ფიქსირებული სიგრძის საკონტროლო ველი |
221010s1996 ge ||||| |||| 00| 0 geo d |
| 020 ## - წიგნის საერთაშორისო სტანდარტული ნომერი |
| International Standard Book Number |
55111007005 |
| 041 ## - ენის კოდი |
| Language code of text/sound track or separate title |
geo |
| 080 ## - უნივერსალური ათობითი კლასიფიკაციის ინდექსი |
| Universal Decimal Classification number |
316(09)(075.8) კ-65 |
| 245 ## - ცნობა სათაურის შესახებ |
| Title |
სოციოლოგიის ისტორია. ნაკვ. 1 / |
| Statement of responsibility, etc |
ედუარდ კოდუა ; რედ. ვ. კვარაცხელია. |
| 264 ## - წარმოების, გამოცემის, დისტრიბუციის და სხვა ცნობები |
| გამოცემის, წარმოების, დისტრიბუციის... ადგილი |
თბილისი : |
| გამოცემის, წარმოების, დისტრიბუციის... სახელწოდება |
თბილ. უნ-ტის გამ-ბა, |
| გამოცემის, წარმოების, დისტრიბუციის... თარიღი |
1996. |
| 300 ## - ფიზიკური აღწერა |
| Extent |
184 გვ. |
| 504 ## - BIBLIOGRAPHY, ETC. NOTE |
| Bibliography, etc |
ბიბლიოგრაფია: გვ. 180. |
| 653 ## - INDEX TERM--UNCONTROLLED |
| Uncontrolled term |
სოციოლოგიის ისტორია |
| 700 ## - ADDED ENTRY--PERSONAL NAME |
| Personal name |
კვარაცხელია, ვ. |
| Relator term |
რედაქტორი |
| 9 (RLIN) |
15201 |
| 942 ## - ADDED ENTRY ELEMENTS (KOHA) |
| Source of classification or shelving scheme |
|
| Koha item type |
წიგნი |